Quelli là /

Gardado en:
Detalles Bibliográficos
Main Authors: Porcella, Teresa (Author), Pappalardo, Santo (Author)
Formato: Libro
Idioma:Lingua italiana
Publicado: Imola : Bacchilega Junior, 2019
Series:I Libricini
Tags: Engadir etiqueta
Sen Etiquetas, Sexa o primeiro en etiquetar este rexistro!

MARC

LEADER 00000nam a22000007i 4500
001 IT\ICCU\UBO\4364354
003 ItRI
005 20260115232135.0
008 190312s2019 it |||||| ||||| |||||c
020 |a 9788869420863 
040 |b ita  |c importazione bologna sebina 
041 7 |a ita  |2 ISO-639-2 
100 1 |a Porcella, Teresa  |0 IT\ICCU\MODV\567154  |4 aut 
240 1 0 |a Quelli là  |3 IT\ICCU\MOD\1703968  |9 Porcella, Teresa 
245 1 0 |a Quelli là /  |c Teresa Porcella, Santo Pappalardo. 
260 |a Imola :  |b Bacchilega Junior,  |c 2019 
300 |a [24] carte :  |b in gran parte ill. ;  |c 16 x 16 cm. 
700 1 |a Pappalardo, Santo  |0 IT\ICCU\CFIV\005713  |4 aut 
830 2 |a I Libricini  |0 IT\ICCU\UBO\3963649 
942 |2 ddc  |c BK  |n 0 
952 |0 0  |1 0  |4 0  |6 R_853_920000000000000_POR  |7 0  |9 20747  |a BO  |b BO  |d 2026-01-15  |i 19455  |l 0  |o R 853.92 POR  |p BO19455  |r 2026-01-15 23:21:35  |w 2026-01-15  |x [Sebina 5] [1 v.]  |y BK  |z 1 v. 
999 |c 17725  |d 17725